| 000 | 01080nam a2200313Ia 4500 | ||
|---|---|---|---|
| 001 | Para_9502 | ||
| 003 | CHAP | ||
| 008 | 220125s2008 xx 000 0 und d | ||
| 010 | _a208176 | ||
| 040 | _cCHAP | ||
| 090 | _aTESIS 2214 | ||
| 100 |
_aCortes Hidalgo, Gustavo _928366 |
||
| 245 |
_aManejo de Puccinia horiana Henn. en crisantemo (Dendranthema grandiflora Tzvelev) en Tepoztlán, Morelos., con inductores de resistencia / _c por Gustavo Hidalgo Cortes |
||
| 260 |
_aChapingo, Méx. : _b el autor |
||
| 300 | _a48 h. | ||
| 502 | _aTesis (Ing. Agr. Esp. en Parasitología Agrícola) -- UACh. Departamento Parasitología Agrícola | ||
| 650 |
_aCrisantemo _x enfermedades _928949 |
||
| 650 |
_aFitopatología _941161 |
||
| 650 |
_aHongos fitopatógenos _956132 |
||
| 650 |
_aPuccinia horiana _992827 |
||
| 710 |
_aUACh. Departamento Parasitología Agrícola _9164025 |
||
| 901 | _aTESIS 2214 | ||
| 902 | _aM | ||
| 905 | _a0000002008 amn 0000000000 00 | ||
| 910 | _a2008 | ||
| 942 | _cPARA | ||
| 942 |
_cPARA _d2 |
||
| 999 |
_c208176 _d208176 |
||